Các định lý phân tích vành và môđun

Kiến thức cơ sở; Các phân tích của vành; Vành Artin và Noether.

שמור ב:
מידע ביבליוגרפי
מחבר ראשי: Đào Thị Anh Thư
מחברים אחרים: Nguyễn Gia Định PGS.TS (Hướng dẫn)
פורמט: ספר
שפה:Vietnamese
יצא לאור: Đà Nẵng Đại học Đà Nẵng 2013
נושאים:
תגים: הוספת תג
אין תגיות, היה/י הראשונ/ה לתייג את הרשומה!
Thư viện lưu trữ: Mạng thư viện Đại học Đà Nẵng
LEADER 01591nam a2200385 4500
001 000019413
003 15848
005 20140429130433.0
008 140429s2013 viesd
041 |a vie 
082 1 4 |a 512.4  |b ĐA-T 
100 |a Đào Thị Anh Thư 
245 |a Các định lý phân tích vành và môđun  |c Đào Thị Anh Thư ; Nguyễn Gia Định hướng dẫn.  |k Luận văn Thạc sĩ 
260 |a Đà Nẵng  |b Đại học Đà Nẵng  |c 2013 
300 |a 101 tr., phụ lục 4 tr.  |c 29 cm.  |e Tóm tắt 
500 |a Luận văn thạc sĩ Khoa học. Chuyên ngành: Phương pháp toán sơ cấp. Mã số: 60.46.40. 
520 |a Kiến thức cơ sở; Các phân tích của vành; Vành Artin và Noether. 
650 0 4 |a Vành  |v Luận văn tốt nghiệp  |x Định lý phân tích 
650 0 4 |a Môđun  |v Luận văn tốt nghiệp  |x Định lý phân tích 
653 |a Định lý phân tích 
653 |a Phương pháp toán sơ cấp 
653 |a Toán học 
653 |a Vành 
653 |a Môđun 
700 1 |a Nguyễn Gia Định  |c PGS.TS  |e Hướng dẫn 
OWN |a LSP 
AVA |a UDN50  |b LSP  |d 512.4 ĐA-T  |e available  |t Error 5001 Not defined in file expand_doc_bib_avail.  |f 1  |g 0  |h N  |i 0  |k 1 
999 |a From the UDN01 
AVA |a UDN50  |b LSP  |d 512.4 ĐA-T  |e available  |t Error 5001 Not defined in file expand_doc_bib_avail.  |f 1  |g 0  |h N  |i 0  |k 1 
TYP |a Monograph 
TYP |a Printed language 
980 |a Mạng thư viện Đại học Đà Nẵng